Political economy of development in Malaysia /

Bibliographic Details
Other Authors: Ghosh
Format: Book
Published: Kuala Lumpur: Utusan Publications & Distributors, 1999.
Subjects:
LEADER 00634cam a2200193 7i4500
001 0000021291
005 20151104090000.0
005 ##20151104123800.0
003 ##MY-KlINT
020 # # |a 9676108308  
039 # 9 |y 201511041238  |z VLOAD 
090 0 0 |a E 330.9595   |b POL 
245 0 0 |a Political economy of development in Malaysia /   |c edited by B. N. Ghosh and Muhammad Syukri Salleh. 
260 # # |a Kuala Lumpur:   |b Utusan Publications & Distributors,   |c 1999. 
300 # # |a 262 p.. 
650 # 0 |a Economic development --   |z Malaysia  
650 # 0 |a Malaysia --   |x Economic conditions  
650 # 0 |a Malaysia --   |x Politics and government  
700 0 # |a Ghosh,   |h B. N.